| 000 | 01105cam a2200193 4500 | ||
|---|---|---|---|
| 001 | WB3709-09 | ||
| 008 | 000000n2001 000 0 eng u | ||
| 035 | _a(Sirsi) u111193 | ||
| 245 | _aRegional GDP figures show need for active regional industrial strategy | ||
| 260 | _c2001 | ||
| 490 |
_aDTI Press Release _v(P/2001/106) 27 February 2001, (2) |
||
| 520 | _aThe Trade and Industry Secretary has said that regional GDP figures for 1999, which showed what were described as 'Unacceptably wide economic gaps between regions', have shown the need for an active regional industrial strategy. The figures show that the average annual growth was 3.8%, with the south-east having the highest growth, at 5.1%, and the north-east the lowest at 2.3%. Although GDP per head was above £10,000 for all regions for the first time there were wide discrepancies with that in London being 30% higher than the national average and that in Northern Ireland 23% lower. | ||
| 590 | _aWB | ||
| 650 | _aGDP | ||
| 650 | _aREGIONS | ||
| 650 | _aREGIONAL INDUSTRIAL STRATEGY | ||
| 690 | _aECONOMIC ISSUES | ||
| 942 | _n0 | ||
| 999 |
_c66243 _d66243 |
||